| 000 | 00647nam a2200193Ia 4500 | ||
|---|---|---|---|
| 008 | 130821s1997 ck gr spa | ||
| 020 | _a95801263 | ||
| 040 |
_aCo-BoUCM _bspa |
||
| 041 | 0 | 0 | _aspa |
| 100 | 1 |
_aMestre de Tobon, Olga _9157870 |
|
| 245 | 1 | 3 |
_aEl estado de derecho en Colombia entre la realidad y la ilusión _cOlga Mestre de Tobón. |
| 260 |
_aBogotá (Colombia) _bTemis _c1997 |
||
| 300 | _a204 páginas | ||
| 504 | _aIncluye bibliografía e índice. | ||
| 650 | 0 | 4 |
_aCiencia política _9340 |
| 650 | 0 | 4 |
_aEstado de derecho _zColombia _944372 |
| 942 |
_cLIBRO _a8 _e1 _mM586e _2DEWEY _h320.1 |
||
| 999 |
_c29530 _d29530 |
||